| 000 | 01392nam a2200313 a 4500 | ||
|---|---|---|---|
| 001 | BRCA_5125 | ||
| 005 | 20190320204941.0 | ||
| 008 | 191110s1839----mx-######v---#000-0#spa-# | ||
| 041 | _aspa | ||
| 044 | _amx | ||
| 084 |
_aDOC102 _b.G67 _c1839 |
||
| 100 | 1 |
_aGoroztiza y Cepeda, Manuel María del Pilar Eduardo _d1789-1851 _913077 |
|
| 245 | 1 | 0 |
_aDocumento dirigido a Eduardo Goroztiza _cEduardo Goroztiza, Pedro Escandón. |
| 260 |
_aMéxico _c1839 |
||
| 300 |
_a[2] fojas _c30 x 21 cm |
||
| 500 | _aDocumento firmado el 12 de febrero de 1839 por Eduardo Goroztiza | ||
| 500 | _aSe comunica a Eduardo Goroztiza su nombramiento como Oficial en la Legación de Madrid en substitución de Pedro Escandón | ||
| 500 | _aEl documento contiene la leyenda DOC. #263 | ||
| 500 | _aPapel con marca de agua | ||
| 500 | _aAl margen: MINISTRO DE RELACIONES EXTERIORES | ||
| 500 | _aEstado de conservación: contiene rastros de acidificación | ||
| 506 | 0 | _aFondo reservado: para su consulta es necesario credencial de usuario y carta de motivos | |
| 546 | _aTexto en: español de mediados del siglo XIX | ||
| 600 | 1 | 4 |
_aGoroztiza y Cepeda, Manuel María del Pilar Eduardo _d1789-1851 _913077 |
| 650 | 1 | 4 |
_aRelaciones exteriores _vImpreso con rúbricas _xHistoria _yFederalismo y centralismo, 1824-1853 _zMéxico _913078 |
| 700 | 1 |
_aEscandón, Pedro _913079 |
|
| 902 | _aFDH | ||
| 942 |
_2lcc _cD |
||
| 999 |
_c4819 _d4819 |
||